| 000 | 00654nam a22001577a 4500 | ||
|---|---|---|---|
| 005 | 20240718124341.0 | ||
| 008 | 240718b ||||| |||| 00| 0 eng d | ||
| 020 | _a9780791411360 | ||
| 050 | _aLB1729.T44 | ||
| 245 |
_aTeacher induction and mentoring : school-based collaborative programs _cedited by Gary P. DeBolt |
||
| 260 |
_aAlbany _bNew York Press _c1992. |
||
| 300 |
_axvi, 203 p. : _bill.; _c24 cm |
||
| 500 | _aIncludes bibliographical references and index | ||
| 505 | _aContents: Part 1: Theoretical basis -- Part II: School-based collaborative programs --Part III: Lessons and questions evolving from research and practice | ||
| 942 |
_2lcc _cBK |
||
| 999 |
_c10305 _d17805 |
||